Từ tiếng Thái dành cho trẻ, tập 1

Gespeichert in:
Bibliographische Detailangaben
Format: Buch
Tags: Tag hinzufügen
Keine Tags, Fügen Sie den ersten Tag hinzu!
Thư viện lưu trữ: Mạng thư viện Đại học Đà Nẵng
LEADER 00432nam a22001691a 4500
001 000036686
003 12981
005 20160412012708.0
008 160412s0 000
082 |a 4T(07)76 
245 |a Từ tiếng Thái dành cho trẻ, tập 1  |c Watee Chartuthit 
OWN |a LNN 
999 |a From the UDN01 
TYP |a Monograph 
980 |a Mạng thư viện Đại học Đà Nẵng